Random Quick Click - Divisors - Statistics

General Stats
  • This quiz has been taken 23 times
  • The average score is 39 of 60
Answer Stats
Question Tile Select % Correct
Divisors of 3 1 Yes
100%
Divisors of 5 1 Yes
100%
Divisors of 7 1 Yes
100%
Divisors of 16 1 Yes
100%
Divisors of 18 1 Yes
100%
Divisors of 19 1 Yes
100%
Divisors of 21 1 Yes
100%
Divisors of 30 1 Yes
100%
Divisors of 31 1 Yes
100%
Divisors of 35 1 Yes
100%
Divisors of 37 1 Yes
100%
Divisors of 43 1 Yes
100%
Divisors of 47 1 Yes
100%
Divisors of 49 1 Yes
100%
Divisors of 50 1 Yes
100%
Divisors of 57 1 Yes
100%
Divisors of 3 2 No
100%
Divisors of 5 2 No
100%
Divisors of 7 2 No
100%
Divisors of 16 2 Yes
100%
Divisors of 18 2 Yes
100%
Divisors of 19 2 No
100%
Divisors of 20 2 Yes
100%
Divisors of 27 2 No
100%
Divisors of 30 2 Yes
100%
Divisors of 31 2 No
100%
Divisors of 35 2 No
100%
Divisors of 37 2 No
100%
Divisors of 43 2 No
100%
Divisors of 47 2 No
100%
Divisors of 49 2 No
100%
Divisors of 50 2 Yes
100%
Divisors of 55 2 No
100%
Divisors of 57 2 No
100%
Divisors of 3 3 Yes
100%
Divisors of 5 3 No
100%
Divisors of 7 3 No
100%
Divisors of 16 3 No
100%
Divisors of 18 3 Yes
100%
Divisors of 19 3 No
100%
Divisors of 20 3 No
100%
Divisors of 27 3 Yes
100%
Divisors of 30 3 Yes
100%
Divisors of 31 3 No
100%
Divisors of 35 3 No
100%
Divisors of 37 3 No
100%
Divisors of 43 3 No
100%
Divisors of 47 3 No
100%
Divisors of 49 3 No
100%
Divisors of 50 3 No
100%
Divisors of 3 4 No
100%
Divisors of 5 4 No
100%
Divisors of 7 4 No
100%
Divisors of 16 4 Yes
100%
Divisors of 18 4 No
100%
Divisors of 19 4 No
100%
Divisors of 21 4 No
100%
Divisors of 27 4 No
100%
Divisors of 30 4 No
100%
Divisors of 31 4 No
100%
Divisors of 35 4 No
100%
Divisors of 37 4 No
100%
Divisors of 43 4 No
100%
Divisors of 47 4 No
100%
Divisors of 49 4 No
100%
Divisors of 50 4 No
100%
Divisors of 55 4 No
100%
Divisors of 3 5 No
100%
Divisors of 5 5 Yes
100%
Divisors of 7 5 No
100%
Divisors of 16 5 No
100%
Divisors of 18 5 No
100%
Divisors of 19 5 No
100%
Divisors of 20 5 Yes
100%
Divisors of 21 5 No
100%
Divisors of 27 5 No
100%
Divisors of 30 5 Yes
100%
Divisors of 31 5 No
100%
Divisors of 35 5 Yes
100%
Divisors of 37 5 No
100%
Divisors of 43 5 No
100%
Divisors of 47 5 No
100%
Divisors of 49 5 No
100%
Divisors of 50 5 Yes
100%
Divisors of 55 5 Yes
100%
Divisors of 57 5 No
100%
Divisors of 3 6 No
100%
Divisors of 5 6 No
100%
Divisors of 7 6 No
100%
Divisors of 16 6 No
100%
Divisors of 18 6 Yes
100%
Divisors of 19 6 No
100%
Divisors of 20 6 No
100%
Divisors of 21 6 No
100%
Divisors of 27 6 No
100%
Divisors of 30 6 Yes
100%
Divisors of 31 6 No
100%
Divisors of 35 6 No
100%
Divisors of 37 6 No
100%
Divisors of 43 6 No
100%
Divisors of 47 6 No
100%
Divisors of 49 6 No
100%
Divisors of 50 6 No
100%
Divisors of 55 6 No
100%
Divisors of 57 6 No
100%
Divisors of 40 1 Yes
80%
Divisors of 41 1 Yes
80%
Divisors of 40 2 Yes
80%
Divisors of 41 2 No
80%
Divisors of 40 3 No
80%
Divisors of 41 3 No
80%
Divisors of 40 4 Yes
80%
Divisors of 41 4 No
80%
Divisors of 40 5 Yes
80%
Divisors of 41 5 No
80%
Divisors of 40 6 No
80%
Divisors of 41 6 No
80%
Divisors of 8 1 Yes
75%
Divisors of 33 1 Yes
75%
Divisors of 8 2 Yes
75%
Divisors of 33 2 No
75%
Divisors of 8 3 No
75%
Divisors of 33 3 Yes
75%
Divisors of 8 4 Yes
75%
Divisors of 33 4 No
75%
Divisors of 8 5 No
75%
Divisors of 33 5 No
75%
Divisors of 8 6 No
75%
Divisors of 10 1 Yes
67%
Divisors of 26 1 Yes
67%
Divisors of 28 1 Yes
67%
Divisors of 38 1 Yes
67%
Divisors of 51 1 Yes
67%
Divisors of 52 1 Yes
67%
Divisors of 58 1 Yes
67%
Divisors of 10 2 Yes
67%
Divisors of 26 2 Yes
67%
Divisors of 28 2 Yes
67%
Divisors of 38 2 Yes
67%
Divisors of 42 2 Yes
67%
Divisors of 51 2 No
67%
Divisors of 52 2 Yes
67%
Divisors of 58 2 Yes
67%
Divisors of 10 3 No
67%
Divisors of 26 3 No
67%
Divisors of 38 3 No
67%
Divisors of 51 3 Yes
67%
Divisors of 52 3 No
67%
Divisors of 57 3 Yes
67%
Divisors of 58 3 No
67%
Divisors of 10 4 No
67%
Divisors of 26 4 No
67%
Divisors of 28 4 Yes
67%
Divisors of 38 4 No
67%
Divisors of 42 4 No
67%
Divisors of 51 4 No
67%
Divisors of 52 4 Yes
67%
Divisors of 57 4 No
67%
Divisors of 58 4 No
67%
Divisors of 10 5 Yes
67%
Divisors of 26 5 No
67%
Divisors of 28 5 No
67%
Divisors of 38 5 No
67%
Divisors of 42 5 No
67%
Divisors of 51 5 No
67%
Divisors of 52 5 No
67%
Divisors of 58 5 No
67%
Divisors of 10 6 No
67%
Divisors of 26 6 No
67%
Divisors of 28 6 No
67%
Divisors of 38 6 No
67%
Divisors of 42 6 Yes
67%
Divisors of 51 6 No
67%
Divisors of 52 6 No
67%
Divisors of 15 1 Yes
60%
Divisors of 34 1 Yes
60%
Divisors of 15 2 No
60%
Divisors of 34 2 Yes
60%
Divisors of 15 3 Yes
60%
Divisors of 34 3 No
60%
Divisors of 15 4 No
60%
Divisors of 15 5 Yes
60%
Divisors of 34 5 No
60%
Divisors of 15 6 No
60%
Divisors of 1 1 Yes
50%
Divisors of 2 1 Yes
50%
Divisors of 6 1 Yes
50%
Divisors of 11 1 Yes
50%
Divisors of 12 1 Yes
50%
Divisors of 14 1 Yes
50%
Divisors of 17 1 Yes
50%
Divisors of 20 1 Yes
50%
Divisors of 29 1 Yes
50%
Divisors of 44 1 Yes
50%
Divisors of 46 1 Yes
50%
Divisors of 54 1 Yes
50%
Divisors of 55 1 Yes
50%
Divisors of 2 2 Yes
50%
Divisors of 6 2 Yes
50%
Divisors of 11 2 No
50%
Divisors of 12 2 Yes
50%
Divisors of 14 2 Yes
50%
Divisors of 17 2 No
50%
Divisors of 29 2 No
50%
Divisors of 44 2 Yes
50%
Divisors of 45 2 No
50%
Divisors of 46 2 Yes
50%
Divisors of 54 2 Yes
50%
Divisors of 2 3 No
50%
Divisors of 6 3 Yes
50%
Divisors of 11 3 No
50%
Divisors of 12 3 Yes
50%
Divisors of 14 3 No
50%
Divisors of 17 3 No
50%
Divisors of 29 3 No
50%
Divisors of 44 3 No
50%
Divisors of 45 3 Yes
50%
Divisors of 46 3 No
50%
Divisors of 54 3 Yes
50%
Divisors of 55 3 No
50%
Divisors of 1 4 No
50%
Divisors of 2 4 No
50%
Divisors of 6 4 No
50%
Divisors of 11 4 No
50%
Divisors of 12 4 Yes
50%
Divisors of 14 4 No
50%
Divisors of 17 4 No
50%
Divisors of 20 4 Yes
50%
Divisors of 29 4 No
50%
Divisors of 44 4 Yes
50%
Divisors of 45 4 No
50%
Divisors of 46 4 No
50%
Divisors of 54 4 No
50%
Divisors of 2 5 No
50%
Divisors of 6 5 No
50%
Divisors of 11 5 No
50%
Divisors of 12 5 No
50%
Divisors of 14 5 No
50%
Divisors of 17 5 No
50%
Divisors of 29 5 No
50%
Divisors of 44 5 No
50%
Divisors of 45 5 Yes
50%
Divisors of 46 5 No
50%
Divisors of 54 5 No
50%
Divisors of 2 6 No
50%
Divisors of 6 6 Yes
50%
Divisors of 11 6 No
50%
Divisors of 12 6 Yes
50%
Divisors of 14 6 No
50%
Divisors of 17 6 No
50%
Divisors of 29 6 No
50%
Divisors of 33 6 No
50%
Divisors of 44 6 No
50%
Divisors of 45 6 No
50%
Divisors of 46 6 No
50%
Divisors of 54 6 Yes
50%
Divisors of 34 4 No
40%
Divisors of 34 6 No
40%
Divisors of 13 1 Yes
33%
Divisors of 22 1 Yes
33%
Divisors of 25 1 Yes
33%
Divisors of 42 1 Yes
33%
Divisors of 59 1 Yes
33%
Divisors of 13 2 No
33%
Divisors of 22 2 Yes
33%
Divisors of 25 2 No
33%
Divisors of 59 2 No
33%
Divisors of 13 3 No
33%
Divisors of 22 3 No
33%
Divisors of 25 3 No
33%
Divisors of 28 3 No
33%
Divisors of 42 3 Yes
33%
Divisors of 59 3 No
33%
Divisors of 13 4 No
33%
Divisors of 22 4 No
33%
Divisors of 25 4 No
33%
Divisors of 59 4 No
33%
Divisors of 13 5 No
33%
Divisors of 22 5 No
33%
Divisors of 25 5 Yes
33%
Divisors of 59 5 No
33%
Divisors of 13 6 No
33%
Divisors of 22 6 No
33%
Divisors of 25 6 No
33%
Divisors of 58 6 No
33%
Divisors of 59 6 No
33%
Divisors of 4 1 Yes
0%
Divisors of 9 1 Yes
0%
Divisors of 23 1 Yes
0%
Divisors of 24 1 Yes
0%
Divisors of 27 1 Yes
0%
Divisors of 32 1 Yes
0%
Divisors of 36 1 Yes
0%
Divisors of 39 1 Yes
0%
Divisors of 45 1 Yes
0%
Divisors of 48 1 Yes
0%
Divisors of 53 1 Yes
0%
Divisors of 56 1 Yes
0%
Divisors of 60 1 Yes
0%
Divisors of 1 2 No
0%
Divisors of 4 2 Yes
0%
Divisors of 9 2 No
0%
Divisors of 21 2 No
0%
Divisors of 23 2 No
0%
Divisors of 24 2 Yes
0%
Divisors of 32 2 Yes
0%
Divisors of 36 2 Yes
0%
Divisors of 39 2 No
0%
Divisors of 48 2 Yes
0%
Divisors of 53 2 No
0%
Divisors of 56 2 Yes
0%
Divisors of 60 2 Yes
0%
Divisors of 1 3 No
0%
Divisors of 4 3 No
0%
Divisors of 9 3 Yes
0%
Divisors of 21 3 Yes
0%
Divisors of 23 3 No
0%
Divisors of 24 3 Yes
0%
Divisors of 32 3 No
0%
Divisors of 36 3 Yes
0%
Divisors of 39 3 Yes
0%
Divisors of 48 3 Yes
0%
Divisors of 53 3 No
0%
Divisors of 56 3 No
0%
Divisors of 60 3 Yes
0%
Divisors of 4 4 Yes
0%
Divisors of 9 4 No
0%
Divisors of 23 4 No
0%
Divisors of 24 4 Yes
0%
Divisors of 32 4 Yes
0%
Divisors of 36 4 Yes
0%
Divisors of 39 4 No
0%
Divisors of 48 4 Yes
0%
Divisors of 53 4 No
0%
Divisors of 56 4 Yes
0%
Divisors of 60 4 Yes
0%
Divisors of 1 5 No
0%
Divisors of 4 5 No
0%
Divisors of 9 5 No
0%
Divisors of 23 5 No
0%
Divisors of 24 5 No
0%
Divisors of 32 5 No
0%
Divisors of 36 5 No
0%
Divisors of 39 5 No
0%
Divisors of 48 5 No
0%
Divisors of 53 5 No
0%
Divisors of 56 5 No
0%
Divisors of 60 5 Yes
0%
Divisors of 1 6 No
0%
Divisors of 4 6 No
0%
Divisors of 9 6 No
0%
Divisors of 23 6 No
0%
Divisors of 24 6 Yes
0%
Divisors of 32 6 No
0%
Divisors of 36 6 Yes
0%
Divisors of 39 6 No
0%
Divisors of 48 6 Yes
0%
Divisors of 53 6 No
0%
Divisors of 56 6 No
0%
Divisors of 60 6 Yes
0%
No matching quizzes found
Score Distribution
Percent of People with Each Score
Percentile by Number Answered
Your Score History
You have not taken this quiz